| Tag |
First Indicator |
Second Indicator |
Subfields |
| LEADER |
00000cam a2200000 a 4500 |
| 001 |
in00000050932 |
| 005 |
20151007080043.0 |
| 008 |
820611s1982 ilua 00110 eng |
| 010 |
|
|
|a 81082990
|
| 020 |
|
|
|a 087094276X :
|c $32.50
|
| 035 |
|
|
|a (OCoLC)08589764
|
| 035 |
|
|
|9 AAF4192AM
|
| 039 |
0 |
|
|a 2
|b 3
|c 3
|d 3
|e 3
|
| 040 |
|
|
|a DLC
|c DLC
|d TXA
|d UtOrBLW
|
| 043 |
|
|
|a n-us---
|
| 049 |
|
|
|a TXAM
|c [1561610]
|
| 050 |
0 |
0 |
|a KF6297.5
|b S9 1982
|
| 082 |
0 |
|
|a 343.7305/23
|a 347.303523
|2 19
|
| 100 |
1 |
|
|a Swanson, Robert E.,
|d 1947-
|
| 245 |
1 |
0 |
|a Tax shelters, a guide for investors and their advisors /
|c Robert E. Swanson and Barbara Mardinly Swanson.
|
| 264 |
|
1 |
|a Homewood, Ill. :
|b Dow Jones-Irwin,
|c [1982]
|
| 264 |
|
4 |
|c ©1982
|
| 300 |
|
|
|a x, 311 pages :
|b illustrations ;
|c 29 cm.
|
| 336 |
|
|
|a text
|b txt
|2 rdacontent
|
| 337 |
|
|
|a unmediated
|b n
|2 rdamedia
|
| 338 |
|
|
|a volume
|b nc
|2 rdacarrier
|
| 500 |
|
|
|a Includes index.
|
| 650 |
|
0 |
|a Tax shelters
|x Law and legislation
|z United States.
|
| 650 |
|
0 |
|a Investments
|x Taxation
|x Law and legislation
|z United States.
|
| 700 |
1 |
|
|a Swanson, Barbara Mardinly.
|
| 999 |
|
|
|a MARS
|
| 999 |
f |
f |
|s 0f1d91dc-040a-3fe6-ae98-34fde9f16334
|i 8a0453bc-5543-37e8-a4a3-e096262b0567
|t 0
|
| 952 |
f |
f |
|p ric
|a Texas A&M University
|b Rellis Campus
|c Joint Library Facility
|d Remote Storage
|t 0
|e KF6297.5 S9 1982
|h Library of Congress classification
|i unmediated -- volume
|m A14805934081
|
| 998 |
f |
f |
|a KF6297.5 S9 1982
|t 0
|l Remote Storage
|